MARC

LEADER 00000nam0a2200000 4500
001 253259
005 20231101232827.0
020 |a RU  |b 89-36775 
035 |a (RuTPU)RU\TPU\book\275645 
090 |a 253259 
100 |a 20140312d1989 k a0rusy5003 ca 
101 0 |a rus 
102 |a RU 
105 |a a z 101zy 
200 1 |a Оптические методы исследования потоков  |e тезисы докладов I Всесоюзного семинара (23-25 мая 1989 г.), г. Новосибирск  |f Академия наук СССР (АН СССР), Сибирское отделение (СО), Институт теплофизики (ИТ) ; под ред. Н. А. Ахмеровой 
210 |a Новосибирск  |c Изд-во ИТФ  |d 1989 
215 |a 330 с.  |c ил. 
320 |a Библиогр. в конце докл. 
320 |a Авт. указ.: с. 324-331. 
606 1 |a Аэрогидромеханика  |2 stltpush  |3 (RuTPU)RU\TPU\subj\64524  |9 81391 
610 1 |a оптические методы 
610 1 |a семинары 
610 1 |a потоки 
610 1 |a когерентно-оптические методы 
610 1 |a скорость 
610 1 |a интерферометрия 
610 1 |a информация 
610 1 |a оптическая обработка 
610 1 |a электронная обработка 
675 |a 533.6.01(063)  |z rus 
702 1 |a Ахмерова  |b Н. А.  |4 340 
712 0 2 |a Академия наук СССР (АН СССР)  |b Сибирское отделение (СО)  |b Институт теплофизики (ИТ)  |c (Новосибирск)  |2 stltpush  |3 (RuTPU)RU\TPU\col\11307 
712 1 2 |a Оптические методы исследования потоков  |c семинар  |d I  |e Новосибирск  |f 1989 
801 0 |a RU  |b RuMRKP  |c 19960704  |g psbo 
801 1 |a RU  |b 63413507  |c 20140312 
801 2 |a RU  |b 63413507  |c 20140421  |g RCR 
942 |c BK